Rappeurs Français #10 - Statistiques

Statistiques générales
  • Ce quiz a été pris 145 fois
  • Le résultat moyen est 3 sur 16
Statistiques - réponses
Par images Réponse % Correct
Hatik
90%
Sofiane
89%
Youssoupha
71%
Carbonne
31%
JR O Crom
12%
Jeune Loup
9%
GUIRRI MAFIA
8%
Boostee
5%
Boogie
4%
Dry
4%
Adams
2%
Doomams
2%
Rever
2%
Veazy
2%
Kalif Hardcore
1%
L.I.O Pétrodollars
1%
Aucun quiz correspondant
Distribution des résultats
% des personnes avec chaque résultat
Percentile par nombre de réponses
Votre historique - résultats
Vous n’avez pas pris ce quiz